| 000 | 00461nam a2200181Ia 4500 | ||
|---|---|---|---|
| 008 | 230917s9999||||xx |||||||||||||| ||und|| | ||
| 020 | _cRS749 | ||
| 040 |
_e256439 _aMAIN |
||
| 041 | _aEnglish | ||
| 082 | _a150 B268P(5) | ||
| 100 | _aBaron, Robert A | ||
| 245 | 0 | _aPsychology | |
| 250 | _a5th ed. | ||
| 260 |
_aNoida _bPearson India Education _c2019 |
||
| 300 | _axii, 646 p. | ||
| 500 | _a3514 18/07/2019 HBD19/7869 25/07/2019 Main Budget | ||
| 942 | _cBK | ||
| 999 |
_c31784 _d31784 |
||